000 00852nam a2200241 i 4500
001 68688
003 ES-MaACL
005 20230906170333.0
007 t|
008 960814m18681872gw |||| | ger d
080 _a81:1
080 _a165.01
100 1 _aGeiger, Lazarus.
_9149900
245 1 0 _aUrsprung und Entwickelung der menschlichen Sprache und Vernunft /
_cvon L. Geiger.
260 _aStuttgart :
_bJ.G. Cotta'schen Buchhandlung,
_c1868-1872.
300 _a2 v. ;
_c22 cm.
530 _aDisponible en formato digital.
650 4 _aLenguaje-
_xFilosofía.
_914344
650 4 _aRazón.
_916678
852 _aES-MaACL
_jZ-214-15
_xOlim: G-2612-13
856 _uhttp://archive.org/details/ursprungundentw01geiggoog
_zInternet Archive
_z(v. 1)
856 _uhttp://archive.org/details/ursprungundentw00geiggoog
_zInternet Archive
_z(v. 2)
999 _c68688
_d68688